NBW 2014 -
En este video el profesor David Rose (University of Waterloo) muestra cual es la importancia de las enzimas glucosidasas en la salud humana enfocǹdose principalmente en desr̤denes nutricionales, tratamientos contra el cancer y desarrollo de proten̕as terapǔticas.
Guardat en:
| Altres autors: | |
|---|---|
| Format: | Llibre |
| Idioma: | anglès |
| Matèries: | |
| Accés en línia: | NBW 2014 - |
| Etiquetes: |
Afegir etiqueta
Sense etiquetes, Sigues el primer a etiquetar aquest registre!
|
MARC
| LEADER | 00000nam a22000004a 4500 | ||
|---|---|---|---|
| 001 | vpro14970 | ||
| 005 | 20201223000000.0 | ||
| 008 | 190902s2019 ck # g## #001 0#eng#d | ||
| 020 | |||
| 022 | |||
| 040 | |a CO-BoINGC | ||
| 041 | 0 | |a eng | |
| 245 | 1 | 0 | |a NBW 2014 - |
| 246 | |a NBW - 2014 Glucosidasas en la salud y la enfermedad humana - David Rose | ||
| 264 | |a Bogot ̀(Colombia) : |b Revista VirtualPRO, |c 2019 | ||
| 520 | 3 | |a En este video el profesor David Rose (University of Waterloo) muestra cual es la importancia de las enzimas glucosidasas en la salud humana enfocǹdose principalmente en desr̤denes nutricionales, tratamientos contra el cancer y desarrollo de proten̕as terapǔticas. | |
| 650 | \ | \ | |a Medicina |
| 650 | \ | \ | |a Enzimas |
| 650 | \ | \ | |a Medicine |
| 650 | \ | \ | |a Enzymes |
| 650 | \ | \ | |a Glucosidasas |
| 650 | \ | \ | |a Salud humana |
| 650 | \ | \ | |a Bioingeniera̕ |
| 650 | \ | \ | |a Biotecnologa̕ |
| 650 | \ | \ | |a Glycosidases |
| 650 | \ | \ | |a Human health |
| 650 | \ | \ | |a Bioengineering |
| 650 | \ | \ | |a Biotechnology |
| 700 | \ | \ | |a YouTube |
| 856 | |z NBW 2014 - |u https://virtualpro.unach.elogim.com/biblioteca/nbw---2014-glucosidasas-en-la-salud-y-la-enfermedad-humana---david-rose | ||